| 000 | 00442nam a2200157 i 4500 | ||
|---|---|---|---|
| 001 | 149613 | ||
| 003 | ES-MaACL | ||
| 005 | 20250830063106.0 | ||
| 007 | t| | ||
| 008 | 071023s1918 mx ||||1| spa d | ||
| 100 | 1 |
_aVasconcelos, José, _d1881-1959 _9113268 |
|
| 245 | 1 | 3 |
_aEl monismo estético _b: ensayos / _cJosé Vasconcelos. |
| 260 |
_aMéxico : _bCultura, _c1918. |
||
| 852 |
_aES-MaACL _j1487-F-17 |
||
| 999 |
_c149613 _d149613 |
||